00294nam a22001097a 4500008004100000020001500041082001500056110001900071245006300090260002300153300000800176230704b xxu||||| |||| 00| 0 eng d a9211480981 a341.7bINC bUnited Nations aCommission on narcotic Drugs bEconomic and Social Council aNew yorkbUNc1996 a92p